Un partenariat dynamique

Podrobná bibliografia
Médium: Kniha
Jazyk:francúzština
Fyzický popis:23 s. fotogr., mp. 30 cm
Vydavateľské údaje: [Bruxelles Bureau de l´information et de la presse de l´OTAN 2001]
ISBN:9284501490 (brož.)
Vydanie:[1ére éd.]
Predmet:

MARC

LEADER 00000nam a2200000 a 4500
001 vtls008154812
003 SK-MaSNL
005 20260302074013.0
008 050518s2001 be ob f f 000 0 fre
020 |a 9284501490 (brož.) 
040 |a SNK  |b slo  |c SNK  |e AACR2 
041 0 |a fre 
044 |a be  |c BE 
072 7 |a 355/359  |x Vojenstvo. Obrana krajiny. Ozbrojené sily  |2 konspekt 
080 |a 355.357  |2 MDT-MRF 
080 |a 327.5  |2 MDT-MRF 
080 |a 355.02  |2 MDT-MRF 
080 |a (036)  |2 MDT-MRF 
245 0 3 |a Un partenariat dynamique 
250 |a [1ére éd.] 
260 |a [Bruxelles  |b Bureau de l´information et de la presse de l´OTAN  |c 2001] 
300 |a 23 s.  |b fotogr., mp.  |c 30 cm 
500 |a Názov z obalu 
610 2 7 |a NATO  |2 SNKPH  |9 33599 
650 0 7 |a medzinárodné ozbrojené sily  |2 SNKPH  |9 4300 
650 0 7 |a medzinárodná bezpečnosť  |2 SNKPH  |9 2672 
650 0 7 |a bezpečnostná politika  |2 SNKPH  |9 1647 
655 7 |a informačné publikácie  |2 SNKPH  |9 70181 
919 |a 92-845-0149-0 
999 |c 1163215  |d 1165145 
952 |a SNK  |b SNK  |y VYP  |7 0  |p 17A0464237  |o snkOIB 2669  |i snk2005/8422  |8 1  |0 0  |1 0  |4 0  |d 2005-05-18  |l 0  |r 2026-02-24 20:39:51  |w 2026-02-24